Berdoa meminta keberkatan

Bibliographic Details
Main Author: Nani Ibrahim
Format: Book
Published: Selangor : Pintar Firus Sdn Bhd Publisher , 2014
Series:Didikan moral dalam islam
Subjects:

MARC

LEADER 00000cam a2200000 7i4500
001 0000044527
005 20230125.0
008 150106
020 |a 9833797738 
090 0 0 |a JF   |b MAL 
100 1 |a Nani Ibrahim 
245 1 0 |a Berdoa meminta keberkatan   |c Nani Ibrahim 
260 |a Selangor :   |b Pintar Firus Sdn Bhd Publisher ,   |c 2014 
490 1 |a Didikan moral dalam islam 
650 0 |a Malay fiction 
650 0 |a Pendidikan moral   |x Malay... 
999 |a 0001317869   |b Book   |c Children Collection   |e Cawangan Taman Universiti 
999 |a 0001317870   |b Book   |c Children Collection   |e Cawangan Bandar Penawar 
999 |a 0001317871   |b Book   |c Children Collection   |e Cawangan Pontian 
999 |a 0001317873   |b Book   |c Children Collection   |e Cawangan Segamat 
999 |a 0001317875   |b Book   |c Children Collection   |e Cawangan Taman Sri Lambak 
999 |a 0001317876   |b Book   |c Children Collection   |e Cawangan Muar 
999 |a 0001317877   |b Book   |c Children Collection   |e Cawangan Tangkak 
999 |a 0001317878   |b Book   |c Children Collection   |e Cawangan Bukit Gambir 
999 |a 0001317880   |b Book   |c Children Collection   |e Cawangan Mersing 
999 |a 0001317882   |b Book   |c Children Collection   |e Cawangan Tmn. Ungku Tun Aminah 
999 |a 0001320686   |b Book   |c Children Collection   |e Perbadanan Perpustakaan Awam Johor 
999 |a 0001320687   |b Book   |c Children Collection   |e Perbadanan Perpustakaan Awam Johor